000 00728nam a2200229 4500
003 OSt
005 20240722033451.0
006 a
008 240722b |||||||| |||| 00| 0 eng d
020 _a9780750684927
040 _aDWCL-Main lib.
_cOC
082 _2Second edition
_aCirc. 338.4 M411t 2008
100 _aMason, Peter
245 _aTourism impacts, planning and management /
250 _aSecond edition
260 _aAmsterdam:
_bElsevier/Butterworth-Heinemann,
_cc2008.
300 _axxiv,
_b289 p. : ill. ;
_c25 cm.
504 _aIncludes bibliographical references & index.
650 _a1. Tourist trade-Management.
650 _a2. Tourism-Management.
942 _2ddc
_n0
_cBK-CIRC
_eSecond edition
_kCirc.
999 _c2498
_d2498